00750cam a22002294a 4500001000500000005001700005020001500022040002300037050001600060082001100076100001400087245007800101250004600179260003700225300005000262490002900312505000800341520009800349521002000447521002000467650003300487349620240313133952.0 a0516238906 aDLCcDLCdDLCbeng00aPZ7.M47869300a813.54 aPatricia 00aBugs ! / cby Paticia and Fredrick McKissack ; illustrated by Mike Cressy aFirst Scholastic printing , November 2001 aNew York : bScholastic ,c2000  a31 pages : bcolor illustrations ; c19 cm .  aRookie reader vLevel B  aC  aSimple text and illustrations of a variety of insects introduce the numbers one through five. a110 bLexile  aC bRaz-Plus  0aInsectsvJuvenile literature